000 00222nam a22000857a 4500
008 160704b xxu||||| |||| 00| 0 eng d
100 _91909
_a Gandhi, A
245 _aSchool Social Work
260 _aNew Delhi
_bCommon Wealth
_c2005
999 _c1611
_d1611